Μεταξύ σιωπής και λόγου : μια ανθρωπολογική θεώρηση του καρκίνου του μαστού
Ο καρκίνος του μαστού δεν είναι ασθένεια την σύγχρονης εποχής. Ωστόσο ο φόβος των γυναικών έχει κλιμακωθεί έντονα τα τελευταία χρόνια καθώς ο καρκίνος του μαστού έχει γίνει πλέον ορατός. Η παρούσα εθνογραφική έρευνα επιχειρεί να εντοπίσει και να αποσαφηνίσει τους τρόπους με τους οποίους διαμορφώνοντ...
Saved in:
| Main Author: | |
|---|---|
| Corporate Author: | |
| Other Authors: | |
| Format: | Thesis Book |
| Language: | Greek |
| Published: |
2015.
|
| Subjects: | |
| Online Access: | http://hdl.handle.net/11610/14438 |
| Tags: |
Add Tag
No Tags, Be the first to tag this record!
|
MARC
| LEADER | 00000cam a2200000 a 4500 | ||
|---|---|---|---|
| 001 | 1/110319 | ||
| 008 | 160315s2015####gr | ||| |||| ||gre|| | ||
| 040 | |a GR-MyUa |b gre |c GR-MyUa |e AACR2 | ||
| 041 | 0 | |a gre | |
| 082 | 7 | |a 362.1 |2 (23) | |
| 100 | 1 | |a Βαρελάκη, Φάλια. | |
| 245 | 1 | 0 | |a Μεταξύ σιωπής και λόγου : |b μια ανθρωπολογική θεώρηση του καρκίνου του μαστού / |c Φάλια Βαρελάκη ; επιβλέπουσα: Βενετία Καντσά. |
| 260 | |c 2015. | ||
| 300 | |a 108 σ. ; |c 29 εκ. | ||
| 500 | |a Επιβλέπουσα Βενετία Καντσά. Μέλη επιτροπής Έφη Πλεξουσάκη, Ποθητή Χαντζαρούλα. | ||
| 502 | |a Διατριβή (μεταπτυχιακή) - Πανεπιστήμιο Αιγαίου, Λέσβος, 2015. | ||
| 504 | |a Περιλαμβάνει βιβλιογραφία και παράρτημα με πίνακες. | ||
| 506 | 1 | |a Ηλεκτρονική διάθεση μόνο λέξεων-κλειδιών, περιλήψεων. | |
| 520 | 8 | |a Ο καρκίνος του μαστού δεν είναι ασθένεια την σύγχρονης εποχής. Ωστόσο ο φόβος των γυναικών έχει κλιμακωθεί έντονα τα τελευταία χρόνια καθώς ο καρκίνος του μαστού έχει γίνει πλέον ορατός. Η παρούσα εθνογραφική έρευνα επιχειρεί να εντοπίσει και να αποσαφηνίσει τους τρόπους με τους οποίους διαμορφώνονται τα νοήματα του καρκίνου του μαστού μέσα από τις αντιλήψεις και τις πρακτικές των υποκειμένων που βιώνουν την εμπειρία της ασθένειας, ενώ παράλληλα να αναδείξει το διάλογο που αναπτύσσεται μέσα από το λόγο ή/και τη σιωπή ανάμεσα στην προσωπική βιωματική εμπειρία, την κοινωνική πραγματικότητα και την ιατρική. Ο καρκίνος του μαστού μελετάται μέσα από τις κοινωνικές διαδικασίες στις οποίες εντοπίζεται και από τις οποίες επηρεάζεται, αλλά και με τον τρόπο με τον οποίο αλληλεπιδρά με τις συμβολικές σημασίες που αναπτύσσονται και τις υποκειμενικότητες που συγκροτούνται. Τέλος, τα προσωπικά βιώματα, οι αφηγήσεις των ασθενών και οι πολιτικές του σώματος αναδεικνύουν ζητήματα βιοεξουσίας και ιατρικοποίησης του σώματος δημιουργώντας μια ποικιλία νοημάτων που απαιτούν την προσοχή μας. | |
| 650 | 0 | |a Breast |x Cancer |x Patients. | |
| 650 | 0 | |a Cancer |x Psychological aspects. | |
| 650 | 0 | |a Cancer |x Patients |x Interviews. | |
| 650 | 0 | |a Women patients |x Interviews. | |
| 650 | 0 | |a Cancer |x Social aspects. | |
| 700 | 1 | |a Καντσά, Βενετία, |e dgsf | |
| 710 | 2 | |a Πανεπιστήμιο Αιγαίου. |b Σχολή Κοινωνικών Επιστημών. |b Τμήμα Κοινωνικής Ανθρωπολογίας και Ιστορίας. |b Πρόγραμμα Μεταπτυχιακών Σπουδών Κοινωνική και Ιστορική Ανθρωπολογία. | |
| 852 | |a INST |b LESVOS |c DIATR |e 20160315 |h 244 |p 005100057206 |q 005100057206 |t MTXE |y 23 | ||
| 856 | |u http://hdl.handle.net/11610/14438 | ||
| 924 | |a Βαρελάκη |b Φάλια |y Λέσβος |z 2015-10 | ||
| 970 | |a Πατσή |b Ανθίππη |z 15-03-2016 | ||